| 000 | 00909nam a2200205 i 4500 | ||
|---|---|---|---|
| 001 | 156971 | ||
| 003 | ES-MaACL | ||
| 005 | 20251003063137.0 | ||
| 008 | 990601s1899 sp ae |||| | spa d | ||
| 080 | _a726.6(460.285 T.) | ||
| 100 | 1 |
_aLampérez y Romea, Vicente, _d1861-1923 _9128639 |
|
| 245 | 1 | 3 |
_aEl trazado de la Catedral de Toledo y su arquitecto Pedro Pérez / _cpor Vicente Lampérez y Romea. |
| 260 |
_aMadrid : _b[s.n.], _c1899 ( _fEst. Tip. de la Viuda e Hijos de Manuel Tello) |
||
| 300 |
_a18 p., [2] h. pleg. de planos : _bil. ; _c23 cm. |
||
| 610 | 2 | 4 |
_aCatedral Primada de Toledo. _9145491 |
| 651 | 4 |
_aToledo- _xEdificios, estructuras, etc. _9149676 |
|
| 852 |
_aES-MaACL _jT-864-F-10 _z- Enc. hol., conservando cub. original _z- Enc. en un vol. facticio |
||
| 856 |
_uhttp://bdh-rd.bne.es/viewer.vm?id=0000149172&page=1 _zBiblioteca Digital Hispánica |
||
| 999 |
_c156971 _d156971 |
||